000 00343cam a22001217a 4500
008 180718b1963 xxu||||| |||| 00| 0 eng d
082 _aRx42 T372m
100 _aThompson, E.P.
245 _aMaking of the english working class
_cby E.P. Thompson
260 _aLondon
_bVictor Gollancz
_c1963
300 _a848p.
650 _aEnglish Working class
999 _c433907
_d433907